000 00396nam a2200121Ia 4500
008 220204s9999 xx 000 0 und d
082 _aNR:339.52(540)
_bTHA;1
100 _aTharian George, K
245 0 _aGlobal trade and tariff policy on rubber and rubber products under the WTO regime : A preliminary assessment
260 _aKottayam
_bRRII
_c2003
490 _aWorking paper ER/1
942 _cBK
999 _c44080
_d44080